Fútbol Argentino - Plantel Boca Juniors 2024 - Estadísticas

Estadísticas generales
  • Esta prueba ha sido intentada 555 veces
    332 desde el último reinicio
  • La puntuación promedio es 28 de 48
Estadísticas de respuestas
Posición # Situación actual Jugador % Correcto
Arquero 01 Plantel Profesional Sergio Romero
99%
Arquero 12 Plantel Profesional Leandro Brey
98%
YDelantero 10 Plantel Profesional Edinson Cavani
94%
Defensor 06 Plantel Profesional Marcos Rojo
94%
YDelantero 16 Plantel Profesional Miguel Merentiel
91%
Arquero 13 Plantel Profesional Javier García
90%
Defensor 17 Plantel Profesional Luis Advíncula
90%
Defensor 18 Plantel Profesional Frank Fabra
84%
Defensor 04 Plantel Profesional Jorge Figal
84%
Mediocampista 08 Plantel Profesional Guillermo Fernández
83%
Defensor 23 Plantel Profesional Lautaro Blanco
83%
Defensor 02 Plantel Profesional Cristian Lema
82%
Mediocampista 21 Baja Ezequiel Fernández
82%
Defensor 42 Baja por lesión Lucas Blondel
79%
Defensor 03 Plantel Profesional Marcelo Saracchi
78%
Mediocampista 36 Baja por disciplina Cristian Medina
77%
Defensor 40 Plantel Profesional Lautaro di Lollo
74%
YDelantero 22 Plantel Profesional Kevin Zenón
73%
YDelantero 11 Plantel Profesional Lucas Janson
71%
YDelantero 09 Plantel Profesional Milton Giménez
71%
ZEntrenador - Plantel Profesional Fernando Gago
66%
Mediocampista 43 Plantel Profesional Milton Delgado
63%
YDelantero 09 Baja Darío Benedetto
62%
YDelantero 07 Plantel Profesional Exequiel Ceballos
62%
Mediocampista 50 Plantel Profesional Julián Ceballos
57%
YDelantero 14 Baja Luca Langoni
55%
Defensor 15 Baja por disciplina Nicolás Valentini
55%
Defensor 38 Plantel Profesional Aaron Anselmino
53%
YDelantero 33 Plantel Profesional Brian Aguirre
46%
Mediocampista 21 Plantel Profesional Ignacio Miramón
46%
Mediocampista 47 Plantel Profesional Jabes Saralegui
46%
Mediocampista 24 Plantel Profesional Juan Barinaga
46%
Mediocampista 30 Plantel Profesional Tomás Belmonte
46%
Mediocampista 20 Plantel Profesional Juan Ramírez
44%
Defensor 05 Plantel Profesional Gary Medel
42%
Arquero 37 Plantel Profesional Sebastián Díaz
40%
Mediocampista 19 Plantel Profesional Agustín Martegani
39%
Defensor 57 Baja Marcelo Weigandt
36%
YDelantero 29 Baja Norberto Briasco
35%
Mediocampista 45 Plantel Profesional Mauricio Benítez
29%
Mediocampista 49 Baja Jorman Campuzano
27%
Mediocampista 39 Baja Vicente Taborda
25%
Mediocampista 51 Plantel Profesional Santiago Dalmasso
23%
Mediocampista 05 Baja Ezequiel Bullaude
20%
YDelantero 41 Plantel Profesional Iker Zufiaurre
20%
Mediocampista 53 Plantel Profesional Joaquín Ruiz
17%
Mediocampista 30 Baja Román Rodríguez
16%
Defensor 52 Plantel Profesional Walter Molas
15%
No se encontraron pruebas coincidentes
Distribución de puntuación
Porcentaje de gente con cada puntuación
Porcentaje por número respondido
Historial de tus puntuaciones
No has intentado esta prueba desde el último reinicio